书目信息 |
| 题名: |
“战时新闻学”研究
|
|
| 作者: | 庄廷江 著 | |
| 分册: | ||
| 出版信息: | 武汉 湖北人民出版社 2014.02 |
|
| 页数: | 217页 | |
| 开本: | 24cm | |
| 丛书名: | ||
| 单 册: | ||
| 中图分类: | G219.296 | |
| 科图分类: | ||
| 主题词: | 新闻事业史--研究--中国--1936-1945 , 新闻事业史 | |
| 电子资源: | ||
| ISBN: | 978-7-216-07960-0 | |
| 000 | 00900nam0 2200265 450 | |
| 001 | 0120141268066 | |
| 005 | 20140611150108.62 | |
| 010 | @a978-7-216-07960-0@dCNY25.00 | |
| 100 | @a20140410d2014 kemy0chiy0110 ea | |
| 101 | 0 | @achi |
| 102 | @aCN@b420000 | |
| 105 | @ay v 000yy | |
| 106 | @ar | |
| 200 | 1 | @a“战时新闻学”研究@9“ zhan shi xin wen xue ” yan jiu@e1936-1945@f庄廷江著 |
| 210 | @a武汉@c湖北人民出版社@d2014.02 | |
| 215 | @a217页@d24cm | |
| 300 | @a中央高校基本科研业务费专项资金资助项目 | |
| 330 | @a本书共分为六章,主要内容包括:时代转向:“战时新闻学”的兴起;建立抗战“文器”:“战时新闻学”的业务观等。 | |
| 333 | @a新闻学领域相关研究人员 | |
| 606 | 0 | @a新闻事业史@x研究@y中国@z1936-1945 |
| 606 | 0 | @a新闻事业史 |
| 690 | @aG219.296@v5 | |
| 701 | 0 | @a庄廷江@9zhuang ting jiang@f(1978-)@4著 |
| 801 | 0 | @aCN@b人天书店@c20140410 |
| 905 | @b845025-29@dG219.296@e575@f5 | |
| “战时新闻学”研究:1936-1945/庄廷江著.-武汉:湖北人民出版社,2014.02 |
| 217页;24cm |
| 中央高校基本科研业务费专项资金资助项目.-使用对象:新闻学领域相关研究人员 |
| ISBN 978-7-216-07960-0:CNY25.00 |
| 本书共分为六章,主要内容包括:时代转向:“战时新闻学”的兴起;建立抗战“文器”:“战时新闻学”的业务观等。 |
| ● |
| 相关链接 |
|
|
|
|
正题名:"战时新闻学"研究
索取号:G219.296/575
 
预约/预借
| 序号 | 登录号 | 条形码 | 馆藏地/架位号 | 状态 | 备注 |
| 1 | 845025 | 208450255 | 第一样本阅览室/ [索取号:G219.296/575] | 在馆 | |
| 2 | 845026 | 208450264 | 第四借阅区/ [索取号:G219.296/575] | 在馆 | |
| 3 | 845027 | 208450273 | 第四借阅区/ [索取号:G219.296/575] | 在馆 | |
| 4 | 845028 | 208450282 | 第四借阅区/ [索取号:G219.296/575] | 在馆 | |
| 5 | 845029 | 208450291 | 第四借阅区/ [索取号:G219.296/575] | 在馆 |